007880000a22003250004500500002800000650002500028650001800053650001300071650001600084650001100100650002100111650002400132650001100156650002000167650001700187650001300204650001200217651001600229536001300245082001900258518001400277530000600291100001900297245005800316020001800374260003800392260000900430300001500439041000800454 aBibliography: p.349-350 aEconomic development aSocial change aPolitics aCultivation aLabour aPolitical system aSocial organization aFamily aSchedules caste aWomen's role aPeasants aCulture aSouth India aMC Regmi a338.954bEp85e a2007-9-27 aM aEpstein, T. S. aEconomic development and social change in South India a0 7190 0520 5 aManchesterbEnglish Language Book c1972 axvi, 353p. aEng